000 00826cab a2200241 4500
001 ABS49540
008 090401t1993 xxu||||| |||| 00| 0 eng d
035 _a(Sirsi) u71752
041 _aeng
100 _aHainsworth, D.
245 _aBreach of condition notices - theory and practice
260 _c1993
350 _a0
490 _aJournal of Planning and Environment Law
_vOctober 1993, 903-916(6)
520 _aComments on the provisions of Town and Country Planning Act 1990 s187A. Details the legislative background, government guidance and planning conditions.
650 _aBREACH OF CONDITION NOTICES
650 _aPLANNING CONDITIONS
650 _aPLANNING CONTROL
650 _aTOWN AND COUNTRY PLANNING ACT 1990 S187(A)
690 _aPLANNING LAW AND PRACTICE
942 _n0
948 _c04/03/1997
999 _c45270
_d45270